[Event "Bogota Navidad op"]
[White "Vargas Benavides, Mauricio"]
[Black "Acero Vargas, Cristian Camilo"]
[Site "Bogota"]
[Round "8"]
[Result "0-1"]
[Date "2024.12.08"]
[WhiteElo "2000"]
[BlackElo "1862"]
[PlyCount "68"]
[EventDate "2024.12.04"]
[EventType "swiss"]
[EventRounds "9"]
[EventCountry "COL"]
[SourceTitle "CB50_2024"]
[SourceDate "2024.11.01"]
[SourceVersion "1"]
[SourceVersionDate "2024.11.01"]
[SourceQuality "2"]

1. c4 Nf6 2. Nc3 c5 3. Nf3 Nc6 4. d4 cxd4 5. Nxd4 Nxd4 6. Qxd4 g6 7. e4 d6 8. Bg5 Bg7 9. c5 dxc5 10. Qxc5 0-0 11. Rd1 Bd7 12. e5 Ng4 13. Bxe7 Qe8 14. f4 Rc8 15. Qd6 Bc6 16. Rd3 Nh6 17. Qa3 a6 18. Rg1 Nf5 19. Bc5 Qe6 20. g4 Nh4 21. Rd6 Qe8 22. Rg3 g5 23. Rh3 Ng6 24. Bd3 Nxf4 25. Bxh7+ Kh8 26. Ne4 Ng2+ 27. Kf2 Nh4 28. Nxg5 Qxe5 29. Rxh4 Qxg5 30. Rh5 Qf4+ 31. Ke1 Rfe8+ 32. Be4+ Kg8 33. Rxc6 Rxe4+ 34. Kd1 Rxc6 0-1

[Event "Bogota Navidad op"]
[White "Vargas Benavides, Mauricio"]
[Black "Guevara Garcia, Miguel Angel"]
[Site "Bogota"]
[Round "4"]
[Result "1/2-1/2"]
[Date "2024.12.06"]
[WhiteElo "2000"]
[BlackElo "1616"]
[PlyCount "73"]
[EventDate "2024.12.04"]
[EventType "swiss"]
[EventRounds "9"]
[EventCountry "COL"]
[SourceTitle "CB50_2024"]
[SourceDate "2024.11.01"]
[SourceVersion "1"]
[SourceVersionDate "2024.11.01"]
[SourceQuality "2"]

1. e4 e6 2. d4 d5 3. Nc3 Nf6 4. Bg5 dxe4 5. Nxe4 Be7 6. Bxf6 Bxf6 7. c3 Bd7 8. Bd3 Bc6 9. Nf3 Nd7 10. Qe2 Qe7 11. 0-0-0 0-0-0 12. Rhe1 Rhe8 13. Kb1 g6 14. h4 Bg7 15. Bc2 Bxe4 16. Bxe4 Nf6 17. Qb5 Nxe4 18. Rxe4 Qd7 19. Qg5 Qd5 20. Qxd5 exd5 21. Ree1 h6 22. h5 g5 23. g4 Re6 24. Kc2 Rde8 25. Rxe6 fxe6 26. Kd3 Rf8 27. Ke2 Rf4 28. Rg1 Re4+ 29. Kf1 Kd7 30. Ne1 Rf4 31. Nd3 Rf6 32. Ke2 b6 33. Rf1 Kd6 34. f3 e5 35. f4 exf4 36. Rxf4 Rxf4 37. Nxf4 1/2-1/2

[Event "Titled Tuesday intern op 17th Sep Early"]
[White "Gutierrez Olivares, Daniel"]
[Black "Vargas Benavides, Mauricio"]
[Site "Chess,com INT"]
[Round "9"]
[Result "1-0"]
[Date "2024.09.17"]
[WhiteElo "2354"]
[BlackElo "2000"]
[PlyCount "67"]
[EventDate "2024.09.17"]
[EventType "swiss (blitz)"]
[EventRounds "11"]
[EventCountry "USA"]
[SourceTitle "EXT 2025"]
[Source "ChessBase"]
[SourceDate "2024.10.14"]
[SourceVersion "1"]
[SourceVersionDate "2024.10.14"]
[SourceQuality "1"]

1. Nf3 d6 2. g3 g6 3. Bg2 Bg7 4. c4 h5 5. h3 Nf6 6. Nc3 0-0 7. 0-0 c5 8. b3 Nc6 9. Bb2 Rb8 10. e3 b6 11. d4 cxd4 12. exd4 Bb7 13. d5 Na5 14. Re1 Rc8 15. Qd2 Re8 16. Re2 a6 17. Nd4 Nd7 18. Rae1 Ne5 19. Ba1 Nd7 20. f4 Nf6 21. f5 Kh7 22. fxg6+ fxg6 23. Ne6 Qd7 24. Qg5 Bh6 25. Qh4 b5 26. Ne4 Nxe4 27. Bxe4 Nxc4 28. bxc4 Rxc4 29. Qxh5 Qxe6 30. Bxg6+ Qxg6 31. Rxe7+ Rxe7 32. Rxe7+ Kg8 33. Qxg6+ Kf8 34. Qf7# 1-0

[Event "Titled Tuesday intern op 17th Sep Late"]
[White "Vargas Benavides, Mauricio"]
[Black "De Souza, Cristiano Gomes"]
[Site "Chess,com INT"]
[Round "5"]
[Result "1-0"]
[Date "2024.09.17"]
[WhiteElo "2000"]
[BlackElo "2018"]
[PlyCount "181"]
[EventDate "2024.09.17"]
[EventType "swiss (blitz)"]
[EventRounds "11"]
[EventCountry "USA"]
[SourceTitle "EXT 2025"]
[Source "ChessBase"]
[SourceDate "2024.10.14"]
[SourceVersion "1"]
[SourceVersionDate "2024.10.14"]
[SourceQuality "1"]

1. b3 Nf6 2. a4 g6 3. Bb2 Bg7 4. Nf3 d5 5. g3 c5 6. Bg2 Nc6 7. 0-0 0-0 8. d3 b6 9. Nbd2 Bb7 10. e4 dxe4 11. dxe4 Ng4 12. Bxg7 Kxg7 13. Qe2 Nge5 14. Nxe5 Nxe5 15. f4 Qd4+ 16. Kh1 Rad8 17. Rad1 Nc6 18. Nc4 Qc3 19. Rf3 Nd4 20. Rxc3 Nxe2 21. Rcd3 Rxd3 22. Rxd3 Ba6 23. Rd7 Bxc4 24. bxc4 Nd4 25. c3 Ne2 26. Rxe7 Nxc3 27. Rxa7 Rd8 28. Bf3 Rd4 29. e5 Kf8 30. Ra6 Rxc4 31. Rxb6 Nxa4 32. Rb8+ Kg7 33. Rb7 Kf8 34. Bd5 Rc1+ 35. Kg2 Rc2+ 36. Kh3 Nc3 37. Bxf7 Ne2 38. Kg4 Nd4 39. e6 Re2 40. Rb8+ Kg7 41. f5 gxf5+ 42. Kh3 Kf6 43. g4 fxg4+ 44. Kxg4 Nxe6 45. Bxe6 Rxe6 46. Rc8 Re5 47. Rc7 Kg6 48. h4 h5+ 49. Kf4 Rd5 50. Rc6+ Kg7 51. Ra6 Rd4+ 52. Kg5 Kf7 53. Kxh5 c4 54. Rc6 Ke7 55. Kg5 Kd7 56. Rc5 Kd6 57. Rc8 Kd7 58. Rf8 c3 59. Rf3 Rc4 60. Rf1 c2 61. Rc1 Ke7 62. h5 Kf7 63. h6 Kg8 64. Kg6 Rc6+ 65. Kf5 Kh7 66. Kg5 Rxh6 67. Rxc2 Rg6+ 68. Kf5 Rg7 69. Kf6 Rg6+ 70. Kf7 Rg7+ 71. Kf8 Rg8+ 72. Ke7 Rg7+ 73. Kf6 Rg6+ 74. Kf5 Rg7 75. Rh2+ Kg8 76. Ra2 Rf7+ 77. Kg6 Rg7+ 78. Kf6 Kh7 79. Ke6 Rg6+ 80. Kf7 Rg7+ 81. Kf8 Rg8+ 82. Kf7 Rg7+ 83. Kf6 Rg6+ 84. Kf5 Rg7 85. Ra1 Rf7+ 86. Ke6 Rg7 87. Rf1 Kg6 88. Rh1 Rh7 89. Rg1+ Kh6 90. Kf6 Ra7 91. Rh1# 1-0

[Event "Titled Tuesday intern op 17th Sep Early"]
[White "Vargas Benavides, Mauricio"]
[Black "Iskusnyh, Sergei"]
[Site "Chess,com INT"]
[Round "2"]
[Result "1-0"]
[Date "2024.09.17"]
[WhiteElo "2000"]
[BlackElo "2440"]
[PlyCount "119"]
[EventDate "2024.09.17"]
[EventType "swiss (blitz)"]
[EventRounds "11"]
[EventCountry "USA"]
[SourceTitle "EXT 2025"]
[Source "ChessBase"]
[SourceDate "2024.10.14"]
[SourceVersion "1"]
[SourceVersionDate "2024.10.14"]
[SourceQuality "1"]

1. e4 e6 2. d4 d5 3. exd5 exd5 4. c3 c5 5. Bd3 Nc6 6. Ne2 Nf6 7. 0-0 Bd6 8. Bg5 Bxh2+ 9. Kh1 Bd6 10. dxc5 Bxc5 11. Ng3 h6 12. Re1+ Be6 13. Be3 Bxe3 14. Rxe3 0-0 15. Nd2 Ng4 16. Re2 Qh4+ 17. Kg1 Qh2+ 18. Kf1 Nce5 19. Nf3 Nxf3 20. gxf3 Nxf2 21. Rxf2 Bh3+ 22. Ke2 Rfe8+ 23. Ne4 Qf4 24. Qd2 Qxd2+ 25. Kxd2 dxe4 26. Bxe4 Rad8+ 27. Kc2 b6 28. Rg1 Kf8 29. b3 Be6 30. c4 f5 31. Bc6 Re7 32. Rfg2 Rc7 33. Bb5 g5 34. f4 g4 35. Rh2 Kg7 36. Rgh1 Rh8 37. Re2 Bf7 38. Kb2 h5 39. Re5 Bg6 40. b4 h4 41. c5 bxc5 42. bxc5 Rb8 43. c6 h3 44. Kc3 a6 45. Ba4 Rh8 46. Re3 h2 47. Re2 Rh3+ 48. Kd4 g3 49. Kc5 Bh5 50. Rg2 Bf3 51. Rhxh2 Bxg2 52. Rxg2 Kf6 53. Kd6 Rc8 54. c7 Rh7 55. Bd7 Rg8 56. c8Q Rxc8 57. Bxc8 Rh3 58. Bxa6 Rh2 59. Rxh2 gxh2 60. Bb7 1-0

[Event "Titled Tuesday intern op 03rd Sep Late"]
[White "Bongo Akanga Ndjila, Barthelemy"]
[Black "Vargas Benavides, Mauricio"]
[Site "Chess.com INT"]
[Round "5"]
[Result "0-1"]
[Date "2024.09.03"]
[WhiteElo "1894"]
[BlackElo "2000"]
[PlyCount "48"]
[EventDate "2024.09.03"]
[EventType "swiss (blitz)"]
[EventRounds "11"]
[EventCountry "USA"]
[SourceTitle "EXT 2025"]
[Source "ChessBase"]
[SourceDate "2024.10.14"]
[SourceVersion "1"]
[SourceVersionDate "2024.10.14"]
[SourceQuality "1"]

1. d4 Nf6 2. c4 e6 3. Nc3 d5 4. Bg5 Be7 5. e3 0-0 6. Nf3 dxc4 7. Bxc4 a6 8. b3 b5 9. Bd3 Bb7 10. Rc1 Nbd7 11. 0-0 c5 12. Bb1 Rc8 13. Qe2 h6 14. Bh4 Qa5 15. Ne4 Bxe4 16. Bxe4 Nxe4 17. Bxe7 Rfe8 18. Bh4 Nc3 19. Qd2 b4 20. dxc5 Nxc5 21. Kh1 Qxa2 22. Qxa2 Nxa2 23. Rc4 Nxb3 24. Rb1 Rxc4 0-1

[Event "Titled Tuesday intern op 03rd Sep Early"]
[White "Hilkevich, Zahar"]
[Black "Vargas Benavides, Mauricio"]
[Site "Chess.com INT"]
[Round "3"]
[Result "1-0"]
[Date "2024.09.03"]
[WhiteElo "2022"]
[BlackElo "2000"]
[PlyCount "33"]
[EventDate "2024.09.03"]
[EventType "swiss (blitz)"]
[EventRounds "11"]
[EventCountry "USA"]
[SourceTitle "EXT 2025"]
[Source "ChessBase"]
[SourceDate "2024.10.14"]
[SourceVersion "1"]
[SourceVersionDate "2024.10.14"]
[SourceQuality "1"]

1. d4 d6 2. Nf3 g6 3. c4 Bg7 4. Nc3 h5 5. e4 e6 6. Bg5 Ne7 7. Qd2 b6 8. Be2 0-0 9. Bh6 Nd7 10. Bxg7 Kxg7 11. h3 c5 12. 0-0-0 e5 13. dxe5 dxe5 14. Nxe5 Qc7 15. Nxd7 Rd8 16. Nb5 Qxd7 17. Qc3+ 1-0

[Event "Titled Tuesday intern op 03rd Sep Early"]
[White "Md, Bashiq Imrose"]
[Black "Vargas Benavides, Mauricio"]
[Site "Chess.com INT"]
[Round "9"]
[Result "1-0"]
[Date "2024.09.03"]
[WhiteElo "2065"]
[BlackElo "2000"]
[PlyCount "179"]
[EventDate "2024.09.03"]
[EventType "swiss (blitz)"]
[EventRounds "11"]
[EventCountry "USA"]
[SourceTitle "EXT 2025"]
[Source "ChessBase"]
[SourceDate "2024.10.14"]
[SourceVersion "1"]
[SourceVersionDate "2024.10.14"]
[SourceQuality "1"]

1. Nf3 d5 2. b3 Nf6 3. Bb2 g6 4. c4 c6 5. g3 Bg7 6. Bg2 0-0 7. 0-0 Re8 8. d4 b6 9. Nc3 Ba6 10. cxd5 cxd5 11. Re1 Nc6 12. Rc1 Rc8 13. Ne5 e6 14. Nxc6 Rxc6 15. Nxd5 Rxc1 16. Nxf6+ Bxf6 17. Qxc1 Qd6 18. e3 Qb4 19. Bc3 Qd6 20. Bf1 Bxf1 21. Rxf1 Rc8 22. Qd2 e5 23. d5 e4 24. Bxf6 Qxf6 25. d6 Rc3 26. Qd5 Rd3 27. Qxe4 Qxd6 28. Qa8+ Kg7 29. Qxa7 Rd1 30. Qa8 h5 31. Rxd1 Qxd1+ 32. Kg2 h4 33. Qe4 h3+ 34. Kxh3 Qf1+ 35. Qg2 Qd1 36. g4 Qc2 37. f4 Qd3 38. Qf2 b5 39. Kg3 b4 40. h4 Qd1 41. f5 gxf5 42. Qxf5 Qg1+ 43. Kf4 Qf2+ 44. Ke4 Qc2+ 45. Kf3 Qxa2 46. Qg5+ Kh7 47. Qf5+ Kg7 48. Qe5+ Kh7 49. Qe4+ Kg8 50. Qxb4 Qb1 51. Qb8+ Kh7 52. Qf4 Qf1+ 53. Kg3 Qg1+ 54. Kh3 Qh1+ 55. Kg3 Qg1+ 56. Kf3 Qf1+ 57. Ke4 Qb1+ 58. Ke5 Qxb3 59. Qf5+ Kg8 60. Qg5+ Kh7 61. Qf5+ Kg7 62. Qf6+ Kh7 63. Qf3 Qb8+ 64. Ke4 Qb7+ 65. Kf4 Qb8+ 66. Kg5 Qg8+ 67. Kf5 Qc8+ 68. Ke5 Qc7+ 69. Kd4 Qa7+ 70. Kd3 Qa6+ 71. Kd2 Qa5+ 72. Kd1 Qd8+ 73. Ke2 Kg8 74. g5 Qb8 75. Qf4 Qb5+ 76. Kf3 Qf1+ 77. Kg4 Qg2+ 78. Kh5 Qe2+ 79. Kh6 Kf8 80. Qb8+ Ke7 81. Qc7+ Ke8 82. Qc6+ Ke7 83. Qf6+ Ke8 84. Kg7 Qc4 85. h5 Qd5 86. h6 Qh1 87. Qxf7+ Kd8 88. h7 Qa1+ 89. Kg8 Qg7+ 90. Kxg7 1-0

[Event "Titled Tuesday intern op 03rd Sep Late"]
[White "Vargas Benavides, Mauricio"]
[Black "Gonzalez Castillo, Jose Javier"]
[Site "Chess.com INT"]
[Round "8"]
[Result "0-1"]
[Date "2024.09.03"]
[WhiteElo "2000"]
[BlackElo "2274"]
[PlyCount "60"]
[EventDate "2024.09.03"]
[EventType "swiss (blitz)"]
[EventRounds "11"]
[EventCountry "USA"]
[SourceTitle "EXT 2025"]
[Source "ChessBase"]
[SourceDate "2024.10.14"]
[SourceVersion "1"]
[SourceVersionDate "2024.10.14"]
[SourceQuality "1"]

1. d4 g6 2. c4 Bg7 3. e4 d6 4. f3 Nd7 5. b3 e5 6. d5 a5 7. a4 h5 8. Nc3 Nc5 9. Bd3 Bd7 10. Nge2 Qe7 11. 0-0 h4 12. Ba3 Nf6 13. Bc2 Nh5 14. Nb5 Bxb5 15. axb5 b6 16. b4 axb4 17. Bxb4 0-0 18. Rxa8 Rxa8 19. g4 Nf4 20. Nxf4 exf4 21. Kg2 Ra2 22. Rf2 Ra1 23. Qe2 Bd4 24. Rf1 Ra2 25. Kh3 Qe5 26. Qd1 Be3 27. Bxc5 bxc5 28. Qb1 Rb2 29. Qd1 Qc3 30. Bd3 Rd2 0-1

[Event "Titled Tuesday intern op 03rd Sep Early"]
[White "Vargas Benavides, Mauricio"]
[Black "Lacan Rus, David"]
[Site "Chess.com INT"]
[Round "5"]
[Result "1-0"]
[Date "2024.09.03"]
[WhiteElo "2000"]
[BlackElo "2257"]
[PlyCount "75"]
[EventDate "2024.09.03"]
[EventType "swiss (blitz)"]
[EventRounds "11"]
[EventCountry "USA"]
[SourceTitle "EXT 2025"]
[Source "ChessBase"]
[SourceDate "2024.10.14"]
[SourceVersion "1"]
[SourceVersionDate "2024.10.14"]
[SourceQuality "1"]

1. e4 e5 2. Nf3 Nf6 3. d4 Nxe4 4. Bd3 d5 5. dxe5 Bc5 6. Bxe4 dxe4 7. Qxd8+ Kxd8 8. Ng5 Ke7 9. Nxe4 Bd4 10. f4 Bf5 11. c3 Bxe4 12. cxd4 Nc6 13. Be3 Nb4 14. Na3 Nd3+ 15. Kd2 Nxb2 16. Rac1 c6 17. Nc4 Nxc4+ 18. Rxc4 Bxg2 19. Rg1 Bd5 20. Rb4 b5 21. a4 a5 22. Rb2 b4 23. f5 g6 24. Bg5+ Kd7 25. f6 Ke6 26. Ke3 h6 27. Bf4 g5 28. Bg3 Rac8 29. Rc1 h5 30. Rc5 h4 31. Be1 Ra8 32. Bf2 g4 33. Kf4 Bf3 34. h3 Ra6 35. hxg4 Bd1 36. Rd2 Bxa4 37. d5+ cxd5 38. Rcxd5 1-0

[Event "Titled Tuesday intern op 03rd Sep Early"]
[White "Vargas Benavides, Mauricio"]
[Black "Pinheiro, Iung Alicio"]
[Site "Chess.com INT"]
[Round "8"]
[Result "1-0"]
[Date "2024.09.03"]
[WhiteElo "2000"]
[BlackElo "2270"]
[PlyCount "113"]
[EventDate "2024.09.03"]
[EventType "swiss (blitz)"]
[EventRounds "11"]
[EventCountry "USA"]
[SourceTitle "EXT 2025"]
[Source "ChessBase"]
[SourceDate "2024.10.14"]
[SourceVersion "1"]
[SourceVersionDate "2024.10.14"]
[SourceQuality "1"]

1. e3 d5 2. b3 Nf6 3. Bb2 Bf5 4. Nf3 e6 5. d3 h6 6. Nbd2 a5 7. a4 Na6 8. g3 Nb4 9. Bg2 Be7 10. 0-0 0-0 11. Nh4 Bh7 12. f4 Bc5 13. Re1 Bxd3 14. cxd3 Nxd3 15. Bxf6 Qxf6 16. Re2 Nxf4 17. gxf4 Qxh4 18. Nf3 Qf6 19. Rc1 Bb6 20. Kh1 Rfd8 21. Qd3 Rac8 22. Rf1 c5 23. Qb5 Rd6 24. Ne5 Qd8 25. f5 f6 26. Ng6 e5 27. Rd1 Kh7 28. Red2 d4 29. Bxb7 Rc7 30. Bg2 Qc8 31. Qc4 Qxf5 32. Nh4 Qg5 33. Be4+ Kh8 34. Ng6+ Kh7 35. Nxe5+ f5 36. Bb1 Re7 37. Rg2 Qf6 38. Ng6 Rxe3 39. Rf1 Rc3 40. Qa6 d3 41. Qc8 Rd8 42. Qb7 d2 43. Rgg1 Rc1 44. Rxc1 dxc1Q 45. Rxc1 Qxg6 46. Rg1 Qf6 47. Bxf5+ Kh8 48. Rg6 Qa1+ 49. Rg1 Qf6 50. Rg6 Rd1+ 51. Kg2 Qb2+ 52. Kh3 Qc3+ 53. Rg3 Qf6 54. Bc2 Rd8 55. Qe4 g6 56. Rxg6 Qc3+ 57. Rg3 1-0

[Event "Titled Tuesday intern op 03rd Sep Late"]
[White "Wu, Derek"]
[Black "Vargas Benavides, Mauricio"]
[Site "Chess.com INT"]
[Round "7"]
[Result "0-1"]
[Date "2024.09.03"]
[WhiteElo "2232"]
[BlackElo "2000"]
[PlyCount "100"]
[EventDate "2024.09.03"]
[EventType "swiss (blitz)"]
[EventRounds "11"]
[EventCountry "USA"]
[SourceTitle "EXT 2025"]
[Source "ChessBase"]
[SourceDate "2024.10.14"]
[SourceVersion "1"]
[SourceVersionDate "2024.10.14"]
[SourceQuality "1"]

1. d4 c5 2. dxc5 Nf6 3. Nc3 e5 4. e4 Bxc5 5. Bc4 0-0 6. Nf3 Nc6 7. 0-0 h6 8. h3 d6 9. Nd5 Nxe4 10. Qd3 Nf6 11. c3 Re8 12. Qc2 e4 13. Nxf6+ Qxf6 14. Nd2 Bf5 15. Qd1 Qg6 16. Kh1 Ne5 17. Be2 Qe6 18. Kh2 Bg6 19. Nb3 Bb6 20. Be3 d5 21. Nd4 Qd6 22. Kh1 Rad8 23. a4 a5 24. Bf4 Qf6 25. Bg3 Nd3 26. Bxd3 exd3 27. Nb5 Be4 28. Kh2 h5 29. Qxh5 d2 30. Bh4 Qf4+ 31. Bg3 Qf6 32. Rad1 Bd3 33. Bh4 Qf4+ 34. Bg3 Qxa4 35. Nd6 Rxd6 36. Bxd6 Be2 37. Qxd5 Bxd1 38. Qxd2 Be2 39. Re1 Qc4 40. Bg3 Re6 41. b3 Qd3 42. Qf4 Qxc3 43. Rc1 Qf6 44. Rc8+ Kh7 45. Qb8 Bxf2 46. Rh8+ Kg6 47. Rh4 Bxg3+ 48. Qxg3+ Qg5 49. Qf2 Qe5+ 50. Kh1 Bd1 0-1

[Event "Titled Tuesday intern op 27th Aug Early"]
[White "Paikens, Reinis"]
[Black "Vargas Benavides, Mauricio"]
[Site "Chess.com INT"]
[Round "3"]
[Result "1-0"]
[Date "2024.08.27"]
[WhiteElo "2165"]
[BlackElo "2000"]
[PlyCount "30"]
[EventDate "2024.08.27"]
[EventType "swiss (blitz)"]
[EventRounds "11"]
[EventCountry "USA"]
[SourceTitle "EXT 2025"]
[Source "ChessBase"]
[SourceDate "2024.10.14"]
[SourceVersion "1"]
[SourceVersionDate "2024.10.14"]
[SourceQuality "1"]

1. c4 Nf6 2. Nc3 g6 3. g3 Bg7 4. Bg2 0-0 5. e4 e5 6. Nge2 Nc6 7. 0-0 d6 8. d3 Be6 9. h3 Qc8 10. Kh2 Nd4 11. Nxd4 exd4 12. Nd5 c6 13. Ne7+ Kh8 14. Nxc8 Raxc8 15. f4 d5 1-0

[Event "Titled Tuesday intern op 27th Aug Early"]
[White "Vargas Benavides, Mauricio"]
[Black "Marcziter, Dmitrii"]
[Site "Chess.com INT"]
[Round "7"]
[Result "0-1"]
[Date "2024.08.27"]
[WhiteElo "2000"]
[BlackElo "2212"]
[PlyCount "76"]
[EventDate "2024.08.27"]
[EventType "swiss (blitz)"]
[EventRounds "11"]
[EventCountry "USA"]
[SourceTitle "EXT 2025"]
[Source "ChessBase"]
[SourceDate "2024.10.14"]
[SourceVersion "1"]
[SourceVersionDate "2024.10.14"]
[SourceQuality "1"]

1. d4 Nf6 2. Nf3 g6 3. g3 Bg7 4. Bg2 0-0 5. 0-0 d5 6. c4 Nc6 7. Nc3 dxc4 8. d5 Na5 9. e4 c6 10. Re1 b5 11. Nd4 a6 12. dxc6 e5 13. Nf3 Nxc6 14. Be3 Bg4 15. Bc5 Re8 16. a4 Rb8 17. axb5 axb5 18. Nd5 Bxf3 19. Bxf3 Nd4 20. Bxd4 exd4 21. Nb4 Qd6 22. Qd2 Nd7 23. Ra6 Rb6 24. Ra7 Nc5 25. Nd5 Rbb8 26. Qb4 Qf8 27. Qa5 Nd3 28. Re2 Ne5 29. Bg2 d3 30. Rd2 b4 31. Qc7 Rbc8 32. Ne7+ Rxe7 33. Qxe7 Qxe7 34. Rxe7 c3 35. bxc3 bxc3 36. Rd1 c2 37. Rc1 d2 38. Rxc2 d1Q+ 0-1

[Event "Titled Tuesday intern op 20th Aug Late"]
[White "Vargas Benavides, Mauricio"]
[Black "Przybylski, Wojciech"]
[Site "Chess.com INT"]
[Round "7"]
[Result "0-1"]
[Date "2024.08.20"]
[WhiteElo "2000"]
[BlackElo "2308"]
[PlyCount "104"]
[EventDate "2024.08.20"]
[EventType "swiss (blitz)"]
[EventRounds "11"]
[EventCountry "USA"]
[SourceTitle "EXT 2025"]
[Source "ChessBase"]
[SourceDate "2024.10.14"]
[SourceVersion "1"]
[SourceVersionDate "2024.10.14"]
[SourceQuality "1"]

1. e4 e5 2. Nf3 Nc6 3. b3 a6 4. Bb2 d6 5. Be2 Nf6 6. d3 h6 7. 0-0 Be6 8. d4 exd4 9. Nxd4 Nxd4 10. Qxd4 Be7 11. Nd2 0-0 12. f4 Ne8 13. Qe3 Bf6 14. Bxf6 Nxf6 15. c4 Re8 16. Bf3 c6 17. Qd4 Qc7 18. h3 Rad8 19. Rac1 Qa5 20. Rc2 Bc8 21. Rfc1 Qb4 22. Qf2 c5 23. Re1 b5 24. Re3 Be6 25. Qe2 Qa5 26. g4 Nh7 27. h4 Qc7 28. Qh2 Bc8 29. f5 Re5 30. Bg2 Qe7 31. Qf4 Qxh4 32. cxb5 axb5 33. Nf3 Qe7 34. Nxe5 dxe5 35. Qf2 Nf6 36. Re1 Rd4 37. Bf3 Bb7 38. Rce2 c4 39. bxc4 bxc4 40. Qg2 Nd7 41. Rb1 Nc5 42. Rd2 Nd3 43. Qh2 Qc5 44. Kh1 Rxe4 45. Rxb7 Re1+ 46. Kg2 Qe3 47. Kg3 Qf4+ 48. Kh4 Qxf3 49. Rb8+ Kh7 50. Rg2 Nf4 51. Rg3 Qd1 52. Rh3 Rg1 0-1

[Event "Titled Tuesday intern op 06th Aug Late"]
[White "De Souza, Arthur Olintho"]
[Black "Vargas Benavides, Mauricio"]
[Site "Chess.com INT"]
[Round "9"]
[Result "1-0"]
[Date "2024.08.06"]
[WhiteElo "2113"]
[BlackElo "2000"]
[PlyCount "47"]
[EventDate "2024.08.06"]
[EventType "swiss (blitz)"]
[EventRounds "11"]
[EventCountry "USA"]
[SourceTitle "EXT 2025"]
[Source "ChessBase"]
[SourceDate "2024.10.14"]
[SourceVersion "1"]
[SourceVersionDate "2024.10.14"]
[SourceQuality "1"]

1. e4 d5 2. exd5 Qxd5 3. Nc3 Qa5 4. d4 c6 5. Nf3 Nf6 6. Bc4 Bg4 7. 0-0 e6 8. h3 Bh5 9. Bd2 Nbd7 10. Qe2 Bd6 11. Ne4 Qc7 12. Nxd6+ Qxd6 13. a3 Bxf3 14. gxf3 Qxd4 15. Bc3 Qh4 16. Rad1 Qxh3 17. Bb4 Nh5 18. Rxd7 Kxd7 19. Rd1+ Ke8 20. Qd2 Nf6 21. Qd6 Nd5 22. Bxd5 Qh4 23. Bxc6+ bxc6 24. Qxc6# 1-0

[Event "Titled Tuesday intern op 06th Aug Early"]
[White "Dias, Simao Poscidonio"]
[Black "Vargas Benavides, Mauricio"]
[Site "Chess.com INT"]
[Round "8"]
[Result "1-0"]
[Date "2024.08.06"]
[WhiteElo "2102"]
[BlackElo "2000"]
[PlyCount "63"]
[EventDate "2024.08.06"]
[EventType "swiss (blitz)"]
[EventRounds "11"]
[EventCountry "USA"]
[SourceTitle "EXT 2025"]
[Source "ChessBase"]
[SourceDate "2024.10.14"]
[SourceVersion "1"]
[SourceVersionDate "2024.10.14"]
[SourceQuality "1"]

1. e4 c6 2. d4 d5 3. exd5 cxd5 4. c4 Nc6 5. Nc3 Nf6 6. Bg5 Bf5 7. Bxf6 gxf6 8. Nxd5 e6 9. Ne3 Nxd4 10. Qa4+ Nc6 11. Nxf5 Bb4+ 12. Ke2 Qd2+ 13. Kf3 exf5 14. Rd1 Qxb2 15. g3 0-0 16. Kg2 Bc5 17. Ne2 Ne5 18. Qb5 Qa3 19. Qb3 Qa5 20. Nf4 Ng4 21. Nd3 Bb6 22. h3 Ne5 23. Nf4 Qc5 24. Rd2 Qc6+ 25. Nd5 Nxc4 26. Bxc4 Rad8 27. Rhd1 Kh8 28. Qc3 Rc8 29. Qb2 Kg8 30. Kg1 Qxc4 31. Nxf6+ Kg7 32. Ne8+ 1-0

[Event "Titled Tuesday intern op 06th Aug Early"]
[White "Korsunsky, Yuri"]
[Black "Vargas Benavides, Mauricio"]
[Site "Chess.com INT"]
[Round "4"]
[Result "1-0"]
[Date "2024.08.06"]
[WhiteElo "2369"]
[BlackElo "2000"]
[PlyCount "53"]
[EventDate "2024.08.06"]
[EventType "swiss (blitz)"]
[EventRounds "11"]
[EventCountry "USA"]
[SourceTitle "EXT 2025"]
[Source "ChessBase"]
[SourceDate "2024.10.14"]
[SourceVersion "1"]
[SourceVersionDate "2024.10.14"]
[SourceQuality "1"]

1. e4 d5 2. e5 c5 3. d4 cxd4 4. Nf3 Nc6 5. h3 Qb6 6. Bd3 Be6 7. a3 g6 8. Bf4 Bg7 9. Nbd2 Nh6 10. b4 0-0 11. Nb3 Bf5 12. 0-0 Rac8 13. Bxf5 Nxf5 14. g4 Nh6 15. Qd2 g5 16. Bxg5 Nxe5 17. Nxe5 Bxe5 18. Bxh6 Rc3 19. Qg5+ Qg6 20. Qxg6+ hxg6 21. Bxf8 Kxf8 22. Nc5 Kg7 23. Nd3 Bf6 24. f4 e5 25. fxe5 Bh4 26. Ra2 b6 27. a4 1-0

[Event "Titled Tuesday intern op 06th Aug Early"]
[White "Lantini, Marco"]
[Black "Vargas Benavides, Mauricio"]
[Site "Chess.com INT"]
[Round "6"]
[Result "1-0"]
[Date "2024.08.06"]
[WhiteElo "1965"]
[BlackElo "2000"]
[PlyCount "55"]
[EventDate "2024.08.06"]
[EventType "swiss (blitz)"]
[EventRounds "11"]
[EventCountry "USA"]
[SourceTitle "EXT 2025"]
[Source "ChessBase"]
[SourceDate "2024.10.14"]
[SourceVersion "1"]
[SourceVersionDate "2024.10.14"]
[SourceQuality "1"]

1. e4 d5 2. exd5 Qxd5 3. Nf3 Qa5 4. Be2 Nf6 5. 0-0 c6 6. d4 Qc7 7. c4 Bg4 8. Nc3 e6 9. h3 h5 10. d5 exd5 11. cxd5 cxd5 12. Nxd5 Nxd5 13. Qxd5 Be6 14. Qe4 Be7 15. Bf4 Qb6 16. Be3 Qxb2 17. Bd4 Qb4 18. Rab1 Qd6 19. Bxg7 Rg8 20. Qh7 f6 21. Rfd1 Qc6 22. Bb5 Bf7 23. Bxc6+ Nxc6 24. Rxb7 Bxa2 25. Re1 Bf7 26. Bxf6 Rc8 27. Rexe7+ Kf8 28. Rxf7+ 1-0

[Event "Titled Tuesday intern op 06th Aug Late"]
[White "Lewandowski, Rafal"]
[Black "Vargas Benavides, Mauricio"]
[Site "Chess.com INT"]
[Round "8"]
[Result "1-0"]
[Date "2024.08.06"]
[WhiteElo "2106"]
[BlackElo "2000"]
[PlyCount "85"]
[EventDate "2024.08.06"]
[EventType "swiss (blitz)"]
[EventRounds "11"]
[EventCountry "USA"]
[SourceTitle "EXT 2025"]
[Source "ChessBase"]
[SourceDate "2024.10.14"]
[SourceVersion "1"]
[SourceVersionDate "2024.10.14"]
[SourceQuality "1"]

1. e4 d5 2. exd5 Qxd5 3. Nc3 Qa5 4. Bc4 Nf6 5. d3 c6 6. Qe2 Bf5 7. Bd2 Qc7 8. Bb3 e6 9. 0-0-0 Bd6 10. f3 0-0 11. g4 Bg6 12. h4 h5 13. Nh3 b5 14. Rhg1 a5 15. a4 Nbd7 16. gxh5 Bxh5 17. Qg2 Ne8 18. Qg5 Ndf6 19. Ne4 Nxe4 20. dxe4 g6 21. Qxh5 Bg3 22. Qg4 Be5 23. f4 Bg7 24. h5 Nf6 25. Qf3 Nxh5 26. f5 exf5 27. exf5 bxa4 28. Bxa4 Rab8 29. Bc3 Bxc3 30. Qxc3 Nf4 31. Nxf4 Qxf4+ 32. Kb1 Qxa4 33. fxg6 f6 34. Qh3 Rxb2+ 35. Kxb2 Rb8+ 36. Kc1 Qa1+ 37. Kd2 Rd8+ 38. Ke2 Qe5+ 39. Kf2 Qf4+ 40. Qf3 Qh4+ 41. Qg3 Rd4 42. Qxh4 Rxh4 43. g7 1-0